000 00346nam a2200145Ia 4500
008 240624s9999 xx 000 0 und d
041 _aeng
082 _a346.07 BEH
100 _aKAPOOR N D
245 _aHANDBOOK OF INDUSTRIAL LAW
250 _a(12th ed.)
260 _c2010
_aNew Delhi
_bSultan Chand
300 _a596 : p.
365 _cRS
_b25
999 _c21452
_d21452